MARC

LEADER 00000nam0a2200000 4500
001 51204
005 20231101211308.0
035 |a (RuTPU)RU\TPU\book\53607 
090 |a 51204 
100 |a 20030428d1984 km y0rusy50 ca 
101 0 |a rus 
102 |a RU 
105 |a a z 001zy 
200 1 |a Изоляция электрических аппаратов высокого напряжения  |f Г. Н. Александров, В. Л. Иванов 
210 |a Ленинград  |c Энергоатомиздат  |d 1984 
215 |a 207 с.  |c ил. 
320 |a Библиогр.: с. 203-205 
606 |a Электрические аппараты и приборы, высоковольтные  |2 stltpush  |3 (RuTPU)RU\TPU\subj\26919  |9 50750 
606 |a Электрические аппараты и приборы  |x Изоляция  |2 stltpush  |3 (RuTPU)RU\TPU\subj\26906  |9 50738 
610 1 |a высокое напряжение 
610 1 |a изоляция 
610 1 |a расчеты 
610 1 |a изоляционные конструкции 
610 1 |a электрическая прочность 
675 |a 621.31.027.3  |v 3 
675 |a 621.31.04  |v 3 
700 1 |a Александров  |b Г. Н.  |g Георгий Николаевич 
701 1 |a Иванов  |b В. Л.  |g Виктор Леонтьевич 
801 1 |a RU  |b 63413507  |c 20030428  |g PSBO 
801 2 |a RU  |b 63413507  |c 20201008  |g PSBO 
900 |a Изоляция электротехнического оборудования высокого напряжения 
900 |a Электропередачи сверхвысокого напряжения 
942 |c BK